| 000 | 01065nam a22001937a 4500 | ||
|---|---|---|---|
| 003 | JO-AjAnu | ||
| 005 | 20250715083117.0 | ||
| 008 | 250715b jo ||||| |||| 00| 0 ara d | ||
| 040 |
_aANU _cJO-AjAnu |
||
| 041 | _hARA | ||
| 100 |
_aبني يونس، محمد يوسف ابراهيم _eمعد _966575 |
||
| 245 |
_aبنية اللغة الشعرية في ديوان "عيون سلمى" للشاعر حسن بكر العزازي : "دراسة فنية" = The Structure of Poetic Language in the Collection “Oyonn Salma’s” by the Poet Hassan Bakr Al-Azzizi _c / إعداد محمد يوسف ابراهيم بني يونس ؛ اشراف علي قاسم الخرابشة |
||
| 260 | _c2025 | ||
| 300 | _a163 ورقة | ||
| 500 | _aرسالة جامعية (رسالة ماجستير في اللغة العربية) - جامعة عجلون الوطنية (الاردن-عجلون) - كلية الآداب ، 2025 | ||
| 650 | _vالشعر العربي-تاريخ ونقد | ||
| 700 |
_aالخرابشة، علي قاسم _eمشرف _966053 |
||
| 942 |
_2lcc _cTHS _n0 |
||
| 999 |
_c33934 _d33934 |
||